Flags of Food Quiz Stats

Quiz Updated Aug 20, 2012

Also try: Fast Flags of Fury
Challenge
Share
Tweet
Score 0/12 Timer 03:00
4 Plays Today
% Correct
Japan
97%
Italy
94.4%
Australia
89.7%
France
89.4%
South Korea
89%
Switzerland
83.2%
Brazil
79.9%
Greece
76%
India
66%
Spain
61.1%
Lebanon
44.1%
Vietnam
38.1%

You're not logged in!

Compare scores with friends on all Sporcle quizzes.
Join for Free
OR
Log In

You Might Also Like...

Show Comments

Extras

Top Quizzes Today


Score Distribution

Your Account Isn't Verified!

In order to create a playlist on Sporcle, you need to verify the email address you used during registration. Go to your Sporcle Settings to finish the process.

Report this User

Report this user for behavior that violates our Community Guidelines.

Details: